000 01827nam a22003497a 4500
001 000010123
003 DO-SdBNP
005 20160704130158.0
007 000010123
008 160509b 2004 dr a xxu||||| |||| 00| 0 spa d
020 _a8482617559
040 _aBPMSU
_bspa
_cBPMSU
092 _a373.54
_bG633q 1ro. 2004
100 1 _aGómez, Idoia
245 1 0 _aQuímica 1 ; primer de bachillerato :
_b[educación media] /
_cIdoia Gómez ; dirección editorial Obdulia García de Escobar ; editora Claudia Llibre de Vargas; ilustración Ruddy Núñez.
260 _aSanto Domingo :
_bSantillana,
_c2004.
300 _a143 p. :
_bil. ;
_c28 cm.
500 _aPrimero de bachillerato 1er. curso/ primer ciclo.
500 _aPrimer curso del primer ciclo de educación media
505 _gUnidad 1
_tLos materiales y las funciones químicas --
_tÁcidos, bases y reacciones de equilibrio --
_tLos materiales y las funciones químicas de los mismos --
_tMateria y energía --
_gUnidad 2
_tLa teoría atómica --
_gUnidad 3
_tFunciones químicas y nomenclatura --
_gUnidad 4
_tEnlace y estructura química --
_gUnidad 5
_tÁcidos, bases y reacciones de equilibrio --
_tEstequiometría, soluciones y solubilidad --
_gUnidad 6
_tSistema y equilibrio químico --
_gUnidad 7
_tÁcidos, bases --
_gUnidad 8
_tReaciones redox.
650 4 _aQUÍMICA
_xENSEÑANZA SECUNDARIA
650 4 _aQUÍMICA
_xESTUDIOS Y EJERCICIOS
650 4 _aQUÍMICA
_xLIBROS DE TEXTOS
650 4 _aQUÍMICA
_xEDUCACIÓN PRIMARIA
650 4 _aEDUCACIÓN SECUNDARIA
_zREPÚBLICA DOMINICANA
700 1 2 _aGarcía de Escobar, Obdulia,
_eed.
700 1 2 _aLlibre de Vargas, Claudia
_eed.
700 1 2 _aNúñez, Ruddy,
_eil.
910 _aValidado. Control de calidad MFF
942 _2ddc
_cBK
956 _2LOPEREZ
_310
_620160905
_8BPMSU
_a00041
999 _c10044
_d10044